Statistics for Every NFL Team

Click here to take the quiz!

General Stats

  • This quiz has been taken 37 times
  • The average score is 28 of 32

Answer Stats

Let.WLTTeam NamePct.% Correct
SF52846014San Francisco 49ers.534
97%
D55364832Detroit Lions.461
97%
NE4893869New England Patriots.558
97%
GB73756237Green Bay Packers.565
97%
A3514436Atlanta Falcons.443
94%
M4453514Miami Dolphins.559
94%
M47039010Minnesota Vikings.546
94%
NY68758533New York Giants.539
94%
C46248210Cleveland Browns.490
94%
P61453820Pittsburgh Steelers.532
94%
W59558128Washington Redskins.506
91%
S3343251Seattle Seahawks.507
91%
D5023746Dallas Cowboys.573
91%
I5064537Indianapolis Colts.527
91%
NY3974798New York Jets.454
88%
J1652030Jacksonville Jaguars.448
88%
NO3494235New Orleans Saints.447
88%
P56859426Philadelphia Eagles.489
88%
TB2554041Tampa Bay Buccaneers.387
88%
O46241111Oakland Raiders.529
88%
LA43543811Los Angeles Chargers.498
88%
LA55555921Los Angeles Rams.498
85%
D47040410Denver Broncos.537
85%
C74957942Chicago Bears.562
85%
KC45741512Kansas City Chiefs.524
82%
C1831841Carolina Panthers.499
82%
T4224566Tennessee Titans.481
79%
B4094678Buffalo Bills.467
79%
C3514174Cincinnati Bengals.457
79%
B1901611Baltimore Ravens.541
79%
H1101460Houston Texans.430
79%
A55074040Arizona Cardinals.429
79%

Score Distribution

Percentile by Number Answered

Percent of People with Each Score

Your Score History

You have not taken this quiz